| 000 | 00926nam a22002417a 4500 | ||
|---|---|---|---|
| 008 | 081212t xxu||||| |||| 00| 0 eng d | ||
| 010 | _aENG-92167 | ||
| 020 |
_c295.00 _a9788183242875 |
||
| 020 |
_c295.00 _a8183242871 |
||
| 035 | _aEN-75700 | ||
| 037 | _bDBAD / PUB | ||
| 040 |
_adpl _bEnglish |
||
| 082 | _a398.2095457 | ||
| 100 | _aPenzu, T. | ||
| 245 |
_aAncient Naga head hunters: _cby T. Penzu _blives and tales in prose and poetry / |
||
| 260 |
_aNew Delhi _bMittal Publications _c2009 |
||
| 270 |
_a4594/9, Daryaganj, _bNew Delhi _e10002 |
||
| 300 |
_axxvi, 134p. _c22cm (Hb) |
||
| 650 |
_aNaga (South Asian people) _xFolklore. |
||
| 650 |
_aTales _zIndia _zNāgāland. |
||
| 942 |
_2ddc _cEN _mPEN _h398.2095457 |
||
| 999 |
_c19785 _d19785 |
||